Modern Digital Electronics / (Record no. 32017)

000 -LEADER
fixed length control field 00564 a2200205 4500
003 - CONTROL NUMBER IDENTIFIER
control field OSt
005 - DATE AND TIME OF LATEST TRANSACTION
control field 20260312163014.0
008 - FIXED-LENGTH DATA ELEMENTS--GENERAL INFORMATION
fixed length control field 260312b ||||| |||| 00| 0 eng d
020 ## - INTERNATIONAL STANDARD BOOK NUMBER
International Standard Book Number 9789355321770
040 ## - CATALOGING SOURCE
Transcribing agency .
082 ## - DEWEY DECIMAL CLASSIFICATION NUMBER
Classification number 621.381
Item number J254
100 ## - MAIN ENTRY--PERSONAL NAME
9 (RLIN) 2820
Personal name Jain, R. P.
245 ## - TITLE STATEMENT
Title Modern Digital Electronics /
Statement of responsibility, etc. R. P. Jain and Kishor Sarawadekar
250 ## - EDITION STATEMENT
Edition statement 5th ed.
260 ## - PUBLICATION, DISTRIBUTION, ETC.
Name of publisher, distributor, etc. McGraw Hill Higher Education,
Place of publication, distribution, etc. Chennai:
Date of publication, distribution, etc. 2022.
300 ## - PHYSICAL DESCRIPTION
Extent 759 p.
650 #0 - SUBJECT ADDED ENTRY--TOPICAL TERM
9 (RLIN) 1851
Topical term or geographic name entry element Digital Electronics
700 ## - ADDED ENTRY--PERSONAL NAME
9 (RLIN) 6698
Personal name Sarawadekar, Kishor
942 ## - ADDED ENTRY ELEMENTS (KOHA)
Source of classification or shelving scheme
Koha item type Books
Holdings
Withdrawn status Lost status Source of classification or shelving scheme Damaged status Not for loan Collection code Permanent Location Current Location Shelving location Date acquired Source of acquisition Cost, normal purchase price Full call number Barcode Date last seen Cost, replacement price Price effective from Koha item type
          Non-fiction IMU Kolkata IMU Kolkata Reference 2026-03-24 28 618.82 621.381 J254 15004 2026-03-24 925.00 2026-03-24 Books
          Non-fiction IMU Kolkata IMU Kolkata   2026-03-24 28 618.82 621.381 J254 15005 2026-03-24 925.00 2026-03-24 Books
          Non-fiction IMU Kolkata IMU Kolkata   2026-03-24 28 618.82 621.381 J254 15006 2026-03-24 925.00 2026-03-24 Books
          Non-fiction IMU Kolkata IMU Kolkata   2026-03-24 28 618.82 621.381 J254 15007 2026-03-24 925.00 2026-03-24 Books
          Non-fiction IMU Kolkata IMU Kolkata   2026-03-24 28 618.82 621.381 J254 15008 2026-03-24 925.00 2026-03-24 Books
Designed and Maintained by IMU-KC Library, Kolkata Campus © Copyright All Rights Reserved

webs counters

Powered by Koha